Método de diseño para casetas automáticas y semiautomáticas de peaje basado en la evaluación de modelos de colas
Guardat en:
| Autor principal: | |
|---|---|
| Altres autors: | |
| Format: | Llibre |
| Idioma: | Undetermined |
| Publicat: |
San José, Costa Rica
1999
|
| Matèries: | |
| Etiquetes: |
Afegir etiqueta
Sense etiquetes, Sigues el primer a etiquetar aquest registre!
|
MARC
| LEADER | 00000nam a2200000Ia 4500 | ||
|---|---|---|---|
| 003 | 008566 | ||
| 005 | 20240103133955.0 | ||
| 008 | 140114s9999 xx 000 0 und d | ||
| 040 | |c cru CEDI | ||
| 090 | |a TFG 3903 | ||
| 100 | |a Rojas Vargas, Juan Pablo |9 8894 | ||
| 245 | |a Método de diseño para casetas automáticas y semiautomáticas de peaje basado en la evaluación de modelos de colas | ||
| 260 | |a San José, Costa Rica |c 1999 | ||
| 300 | |a 138 páginas : ilustraciones | ||
| 500 | |a Proyecto de graduación (licenciatura en ingeniería civil) -- Universidad de Costa Rica. Facultad de Ingeniería. Escuela de Ingeniería Civil | ||
| 501 | |a Director de Proyecto de Graduación : Ing. Junior Araya Villalobos | ||
| 650 | |x TEORIA DE LAS COLAS (MATEMATICAS) |x PEAJES |x REGLAMENTOS DEL TRANSITO |x SAN JOSE (COSTA RICA) |9 8895 | ||
| 700 | |a Araya Villalobos, Junior |d Director del TFG |9 429 | ||
| 942 | |c TFG |h TFG 3903 |i 008566 |6 TFG_3903_008566000000000 | ||
| 999 | |c 18580 |d 18580 | ||
